Auditing : an instructional manual for accounting students

Guardado en:
Detalles Bibliográficos
Autor principal: Millichamp, A. H.
Otros Autores: Millichamp, A.H
Formato: Libro
Publicado: London : ELBS, 1996
Edición:7th ed.
Materias:
Etiquetas: Agregar Etiqueta
Sin Etiquetas, Sea el primero en etiquetar este registro!

MARC

LEADER 00000nam a2200000 4500
005 20250930100034.0
020 |a 1858052149  |c TZS 19,800/= 
040 |a MCCL  |b eng.  |e AACR 2nd rev. ed. 
082 |a 657.45 MIL 
100 |a Millichamp, A. H.  
245 |a Auditing :   |b an instructional manual for accounting students   |c / A. H. Millichamp 
250 |a 7th ed. 
260 |a London :   |b ELBS,   |c 1996 
300 |a viii, 566 p. :   |c 25 cm.  |b ill.; 
504 |a Includes index 
546 |a eng. 
650 |a Auditing 
650 |a Financial statements 
700 |a Millichamp, A.H. 
942 |c BK 
999 |c 11390  |d 11390